000 00643nam a2200181Ia 4500
008 100917s9999 xx 000 0 und d
082 _b20906
100 _aजोशी शं. ना.
245 _aशिवकालिन पत्र- सार संग्रह खंड 3 रा
260 _b---
_c1937
300 _a210
365 _b2.5
520 _aइतिहास
630 _aशिवकालिन पत्र- सार संग्रह खंड 3 रा
650 _aइतिहास
730 _aशिवकालिन पत्र- सार संग्रह खंड 3 रा
942 _cBOOK
999 _c626300
_d626297